banner koha

Substratos e auxinas no enraizamento de estacas caulinares de espinheira-santa (Registro n. 207099)

MARC details
000 -LÍDER
campo de controle de tamanho fixo 00872nas a2200301 4500
001 - NÚMERO DE CONTROLE
campo de controle BR0903407
003 - IDENTIFICADOR DO NÚMERO DE CONTROLE
campo de controle BR-BrBNA
005 - DATA E HORÁRIO DA ÚLTIMA TRANSAÇÃO
campo de controle 20231205114114.0
007 - CAMPO FIXO DE DESCRIÇÃO FÍSICA--INFORMAÇÃO GERAL
campo de controle de tamanho fixo ta
008 - CAMPO DE DADOS FIXOS--INFORMAÇÃO GERAL
campo de controle de tamanho fixo 230509b bl.|||p| |||| 00| 00por d
040 ## - FONTE DA CATALOGAÇÃO
Instituição da catalogação original BR-BrBNA
Idioma da catalogação por
Instituição que transcreveu o registro Biblioteca Nacional de Agricultura
041 ## - CÓDIGO DE IDIOMA
Código do idioma do texto/trilha sonora ou título diferente (Pt)
072 ## - CÓDIGO DE CATEGORIA DE ASSUNTO
Código de Categoria de Assunto F63
100 1# - ENTRADA PRINCIPAL--NOME PESSOAL
Nome pessoal Lima, D.M.
100 1# - ENTRADA PRINCIPAL--NOME PESSOAL
Nome pessoal Silva, C.L.
100 1# - ENTRADA PRINCIPAL--NOME PESSOAL
Nome pessoal Ritter, M.
100 1# - ENTRADA PRINCIPAL--NOME PESSOAL
Nome pessoal Biasi, L.A.
100 1# - ENTRADA PRINCIPAL--NOME PESSOAL
Nome pessoal Zanette, F.
100 1# - ENTRADA PRINCIPAL--NOME PESSOAL
Nome pessoal Zuffellato-Ribas, K.C.
245 1# - TÍTULO
Título Substratos e auxinas no enraizamento de estacas caulinares de espinheira-santa
Restante do título Nota cientifica
650 ## - ASSUNTO--TERMO TÓPICO
Cabeçalho tópico ou nome geográfico ESPINHEIRA SANTA
650 ## - ASSUNTO--TERMO TÓPICO
Cabeçalho tópico ou nome geográfico ESTACA
650 ## - ASSUNTO--TERMO TÓPICO
Cabeçalho tópico ou nome geográfico ENRAIZAMENTO
650 ## - ASSUNTO--TERMO TÓPICO
Cabeçalho tópico ou nome geográfico SUBSTRATO
773 0# - ENTRADA ANALÍTICA
Título Scientia Agraria (Brazil)
ISSN - International Standard Serial Number ISSN 1159-1125
Partes relacionadas (2008), v. 9(1) p. 85-89
Número de controle do registro BR0903407
909 ## -
-- 202311
-- Lúcia
-- 55
-- Lúcia Elande
942 ## - ELEMENTOS DE ENTRADA ADICIONADOS (KOHA)
Fonte da classificação ou esquema de arquivamento na estante Classificação AGRIS
Ocultar no OPAC Não
Tipo de material Koha Analítica
Exemplares
Situação do descarte Fonte da classificação ou esquema de arquivamento na estante Situação física Não pode ser emprestado Biblioteca de origem Biblioteca atual Localização na estante Enumeração do periódico / cronologia Total de empréstimos Data de último acesso Número do exemplar Tipo de material Koha Fonte de aquisição
  Classificação AGRIS   Consulta local Biblioteca Nacional de Agricultura - Binagri Biblioteca Nacional de Agricultura - Binagri   (2008), v. 9(1) p. 85-89   29/11/2023 01 Periódicos Portaria Interministerial nº 164/94

BINAGRI

Telefone: (61)3218-2567/2388/3357/2097 - binagri@agro.gov.br

Ministério da Agricultura e Pecuária , Esplanada dos Ministérios, Bloco D, Anexo B, Brasília/DF, CEP: 70.043-900